Piękne zwierzę - Statystyki

Ogólne statystyki
  • Ten quiz został rozwiązany 20 razy
  • Średni wynik to 4 z 6
Statystyki odpowiedzi
Odpowiedź % Poprawnych
Kot
94%
Pies
88%
Paw
76%
Koń
59%
Lew
59%
Puma
24%
Nie znaleziono quizów pasujących do podanych kryteriów
Rozkład punktacji
Procent ludzi z każdym wynikiem
Percentyl według liczby udzielonych odpowiedzi
Twoja historia wyników
Nie rozwiązałeś tego quizu